Química analítica cualitativa

Kaydedildi:
Detaylı Bibliyografya
Asıl Yazarlar: Burriel Martí, Fernando (Yazar), Arribas Jimeno, Siro (Yazar), Lucena Conde, Felipe (Yazar), Hernández Méndez, Jesús (Yazar)
Materyal Türü: Kitap
Dil:İspanyolca
Baskı/Yayın Bilgisi: Madrid Paraninfo 1994
Edisyon:15a. ed
Konular:
Etiketler: Etiketle
Etiket eklenmemiş, İlk siz ekleyin!

MARC

LEADER 00000nam a2200000 a 4500
001 UCP4511
003 CL-VaPUC
008 990806e19940000SP |||||||||||||||||spa|d
082 0 4 |a 544  |b BUR  |2 21 
100 |a Burriel Martí, Fernando  |e author  |9 313745 
700 0 |a Arribas Jimeno, Siro  |e author  |9 432055 
700 0 |a Lucena Conde, Felipe  |e author  |9 432056 
700 0 |a Hernández Méndez, Jesús  |e author  |9 432057 
245 1 0 |a Química analítica cualitativa 
250 |a 15a. ed 
300 |a 1050 p 
942 |c BK 
945 |d 19990806 00:00:00  |a rbrito 
260 |a Madrid  |b Paraninfo  |c 1994 
650 0 |a Química analítica  |9 259648 
650 0 |a Reacciones químicas  |9 259438 
650 0 |a Análisis cualitativo   |9 346076 
650 7 |a REACTIVOS  |2 CL-VaPUC  |9 334378 
650 0 |a Aniones   |9 344792 
650 0 |a Aleación (Química)  |9 263528 
583 |a last modification  |c 19990806 00:00:00  |k Rodrigo Vera 
999 |c 282452  |d 282450 
952 |0 0  |1 0  |4 0  |6 544_000000000000000_BUR_1994  |7 0  |8 A  |9 324201  |a BIBING  |b BIBING  |d 2019-11-20  |i 3543064  |o 544 BUR 1994  |p 3543064  |r 2025-01-20  |w 2019-11-20  |y BK  |k ING